000 00506nam a22002177a 4500
003 UA-OsUOA
001 40725
007 ta
008 20080625b un ||||| |||| 00| 0 ukr d
090 _a72(477)
_bЗ-78
942 _cBK
040 _aUA-OsUOA
_brus
_cUA-OsUOA
_dUA-OsUOA
245 _aЗодчество Украины
_bСборник
300 _a295 с.
955 _a4
041 _arus
080 _a72(477)
260 _aК.
_c1954
650 7 _a72 Архітектура
_2UDC
999 _c439224
_d439224